Mysteries of the Bible : (Record no. 20164)
[ view plain ]
| 000 -LEADER | |
|---|---|
| fixed length control field | 02298cam a2200337 a 4500 |
| 001 - CONTROL NUMBER | |
| control field | 13623717 |
| 003 - CONTROL NUMBER IDENTIFIER | |
| control field | OSt |
| 005 - DATE AND TIME OF LATEST TRANSACTION | |
| control field | 20230530153637.0 |
| 008 - FIXED-LENGTH DATA ELEMENTS--GENERAL INFORMATION | |
| fixed length control field | 040615s2004 dcuab b 000 0 eng |
| 010 ## - LIBRARY OF CONGRESS CONTROL NUMBER | |
| LC control number | 2004014022 |
| 020 ## - INTERNATIONAL STANDARD BOOK NUMBER | |
| International Standard Book Number | 1880317737 |
| 040 ## - CATALOGING SOURCE | |
| Original cataloging agency | DLC |
| Transcribing agency | DLC |
| Modifying agency | DLC |
| 050 00 - LIBRARY OF CONGRESS CALL NUMBER | |
| Classification number | BS615 |
| Item number | .M98 2004 |
| 082 00 - DEWEY DECIMAL CLASSIFICATION NUMBER | |
| Classification number | 220.9/3 |
| Edition number | 22 |
| 245 00 - TITLE STATEMENT | |
| Title | Mysteries of the Bible : |
| Remainder of title | the enduring questions of scriptures |
| 260 ## - PUBLICATION, DISTRIBUTION, ETC. (IMPRINT) | |
| Place of publication, distribution, etc. | New York |
| Name of publisher, distributor, etc. | Reader's digest |
| Date of publication, distribution, etc. | 1988 |
| 300 ## - PHYSICAL DESCRIPTION | |
| Extent | 384 p. |
| 500 ## - GENERAL NOTE | |
| General note | "All essays previously appeared in Biblical archaeology review or Bible review"--T.p verso. |
| 504 ## - BIBLIOGRAPHY, ETC. NOTE | |
| Bibliography, etc | Includes bibliographical references. |
| 505 0# - FORMATTED CONTENTS NOTE | |
| Formatted contents note | A lost river of Eden : rediscovering the Pishon / James Sauer -- A futile quest : the search for Noah's ark / William Stiebing -- Mt. Sinai--in Arabia? : ancient Jewish tradition locates holy mountain / Allen Kerkeslager -- Mt. Sinai--in the Negev? : ancient cult center discovered on desert peak / Emmanuel Anati -- False conclusions : identification of Har Karkom flawed / Israel Finkelstein -- How Lord Kingsborough lost his fortune : looking for the lost tribes among the Maya / Howard W. Goodkind -- Lost and found : evidence of tribes discovered close to home / Hershel Shanks -- The tribe of Manasseh : found in India? / Hershel Shanks ... [et al.] -- From Israel to Ethiopia : the journey of the Ark / Ephraim Isaac -- From Jerusalem to Egypt : did the Ark stop in elephantine? / Bezalel Porten -- What the wise men knew : Babylonian astronomy dates Jesus' birth / Simo Parpola -- The search for the Holy grail : misguided from the start / Ben Witherington III -- Art, artifice or artifact? : supposed burial Shroud probably made in 14th century / Robert A. Wild -- Carbon-14 results in : questions remain / Suzanne F. Singer. |
| 630 00 - SUBJECT ADDED ENTRY--UNIFORM TITLE | |
| Uniform title | Bible |
| General subdivision | Miscellanea. |
| 630 00 - SUBJECT ADDED ENTRY--UNIFORM TITLE | |
| Uniform title | Bible |
| General subdivision | Antiquities |
| -- | Miscellanea. |
| 700 1# - ADDED ENTRY--PERSONAL NAME | |
| Personal name | Anati, Emmanuel. |
| 700 1# - ADDED ENTRY--PERSONAL NAME | |
| Personal name | Meinhardt, Molly Dewsnap. |
| 730 0# - ADDED ENTRY--UNIFORM TITLE | |
| Uniform title | Biblical archaeology review. |
| 730 0# - ADDED ENTRY--UNIFORM TITLE | |
| Uniform title | Bible review. |
| 856 41 - ELECTRONIC LOCATION AND ACCESS | |
| Materials specified | Table of contents |
| Uniform Resource Identifier | <a href="http://www.loc.gov/catdir/toc/ecip0419/2004014022.html">http://www.loc.gov/catdir/toc/ecip0419/2004014022.html</a> |
| 906 ## - LOCAL DATA ELEMENT F, LDF (RLIN) | |
| a | 7 |
| b | cbc |
| c | orignew |
| d | 1 |
| e | ecip |
| f | 20 |
| g | y-gencatlg |
| 942 ## - ADDED ENTRY ELEMENTS (KOHA) | |
| Source of classification or shelving scheme | Library of Congress Classification |
| Koha item type | General Collection |
| Withdrawn status | Lost status | Source of classification or shelving scheme | Not for loan | Home library | Current library | Date acquired | Total Checkouts | Full call number | Barcode | Date last seen | Price effective from | Koha item type |
|---|---|---|---|---|---|---|---|---|---|---|---|---|
| Library of Congress Classification | Kabarak, Main Campus | Kabarak, Main Campus | 30/05/2023 | BS538 .M97 1988 c.1 | 031054 | 02/08/2024 | 30/05/2023 | General Collection |